La vie rêvée (notice n° 1840935)
[ vue normale ]
| 000 -LEADER | |
|---|---|
| fixed length control field | 01789cam a2200169 4500500 |
| 005 - DATE AND TIME OF LATEST TRANSACTION | |
| control field | 20260329005153.0 |
| 041 ## - LANGUAGE CODE | |
| Language code of text/sound track or separate title | fre |
| 042 ## - AUTHENTICATION CODE | |
| Authentication code | dc |
| 100 10 - MAIN ENTRY--PERSONAL NAME | |
| Personal name | Bourgeois, Didier |
| Relator term | author |
| 245 00 - TITLE STATEMENT | |
| Title | La vie rêvée |
| 260 ## - PUBLICATION, DISTRIBUTION, ETC. | |
| Date of publication, distribution, etc. | 2006.<br/> |
| 500 ## - GENERAL NOTE | |
| General note | 94 |
| 520 ## - SUMMARY, ETC. | |
| Summary, etc. | Le soutien à la parentalité à domicile en protection de l’enfance est étudié dans une recherche questionnant la construction de la confiance comme alternative au risque d’adhésion forcée. Nous problématisons les liens entre engagement, intérêt et confiance pour décrire comment le savoir-faire des éducateurs consiste à faire vivre une expérience aux parents. Cette expérience implique l’engagement tant des professionnels que des parents, dans un processus d’intéressement mutuel soutenu par une mise au travail de l’affectivité. Ce processus est sous-tendu par le fait de faire vivre/sentir la confiance aux parents afin de les faire enquêter et expérimenter de nouvelles voies éducatives. |
| 520 ## - SUMMARY, ETC. | |
| Summary, etc. | Home-based parenting support in child protection is studied in a research project questioning the construction of trust as an alternative to the risk of forced adhesion. We problematize the links between commitment, interest and trust to describe how educators’ know-how consists in providing parents with an experience.This experience involves the commitment of both professionals and parents, in a process of mutual interest underpinned by a focus on affectivity. This process is underpinned by making parents experience/feel trust, in order to make them investigate and experiment with new educational avenues. |
| 786 0# - DATA SOURCE ENTRY | |
| Note | Psy Cause | 43 | 1 | 2006-01-01 | p. 53-54 | 1245-2394 |
| 856 41 - ELECTRONIC LOCATION AND ACCESS | |
| Uniform Resource Identifier | <a href="https://shs.cairn.info/revue-psy-cause-2006-1-page-53?lang=fr&redirect-ssocas=7080">https://shs.cairn.info/revue-psy-cause-2006-1-page-53?lang=fr&redirect-ssocas=7080</a> |
Pas d'exemplaire disponible.




Réseaux sociaux